[Event "Motor City Open"]
[Site "Warren, MI"]
[Date "2002.12.01"]
[Round "7.23"]
[White "Holden, Anthony"]
[Black "Collins, Martell"]
[Result "0-1"]
[WhiteElo "1483"]
[BlackElo "1134"]
[Annotator "Tim McGrew"]
[PlyCount "92"]
[EventDate "2002.11.29"]

{Indian} 1. d4 Nf6 2. e3 d5 3. Bd3 {A tricky order of moves: is White heading
for a Colle System or a Stonewall? By deferring Nf3 and f4 he keeps his
options open.} Nc6 {This is a healthy reaction from Black, playing for the
immediate ...e5. If Black gets this move in early, he will have at least
equality.} 4. f4 {Now it's official: we have a Stonewall. Black's success in
this formation is usually a function of how well he can cut across White's
normal buildup, and this is actually a critical point for the choice of a plan.
} ({The Colle approach with} 4. Nf3 {seems inappropriate here because Black
can win the fight for e5 or force White to lose another tempo:} Bg4 {and now:}
5. h3 {This gains the bishop pair but loses the fight for the center.} (5. Bb5
{This loses a tempo. After} Qd6 6. Nbd2 Bxf3 7. Qxf3 (7. Nxf3 $4 {drops a
piece to} Qb4+ $19) 7... e5 {Black is very comfortable.}) 5... Bxf3 6. Qxf3 e5
$15) 4... e6 {This is a stable move, but it seems a little slow and does not
stop White from generating the standard Stonewall attacking patterns.} (4...
Nb4 $1 {Chigorin's idea, immediately putting the question to White's bishop.
This knight maneuver was taken up enthusiastically at the turn of the century
by Pillsbury, Lasker and Schlechter and is still scoring well over a hundred
years later. Black seems better after both} 5. Nf3 Nxd3+ 6. Qxd3 e6 {
(Kjartansson-Halldorsson, Reykjavic 1997 (0-1, 33))}) (4... Nb4 {and} 5. Be2
Bf5 6. Na3 c5 7. c3 Nc6 8. Nf3 e6 {(Laube-Kuba, Australian Team Championship s
2002 (0-1, 44)).}) (4... Nb4 {The stem game Tarrasch-Chigorin, Hastings 1895
went instead} 5. Nf3 Nxd3+ 6. Qxd3 e6 7. O-O Be7 {and Black had every reason
to be satisfied with his position (0-1, 36).}) 5. c3 Be7 6. Nd2 Bd7 7. Ngf3 Ng4
8. Qe2 Nh6 $6 {The knight does nothing for Black's position here.} ({If
Black's knight maneuver is to have any point, he must lock the center
immediately with} 8... f5 {after which a heavy positional battle is in store
for both players.}) 9. h4 $2 {This is not part of the Stonewall plan and
creates some weaknesses in the White position. White would do better to castle
or perhaps, in view of Black's diminished control of e4 and his poorly-placed
knight at h6, to play an immediate e4.} Nf5 {Alert play. White does not want
to give up his golden bishop on f5, but he must attend to the impending fork
at g3.} 10. Qf2 h5 {Preventing g4.} 11. Bxf5 $6 {A positionally dubious
decision. White will find it very difficult to activate his dark-square bishop,
and Black's grip on the e4 square will prevent White from central expansion.} (
{Perhaps White did not consider} 11. e4 {because it is not part of the typical
Stonewall plan. But one must be flexible; when e4 is possible at all, it is
often the best way for White to make the most of his chances.}) 11... exf5 12.
Qg3 Bf6 13. Ne5 Qe7 14. Nb3 b6 15. Qf3 Qe6 16. g3 Be7 17. Nd2 Nxe5 {Now
White's proud knight is gone and he has nothing to show for the positional
defects in his position.} 18. fxe5 f6 19. exf6 Bxf6 20. c4 $2 {Opening the
position can only favor Black's bishops. Perhaps White missed Black's next
move.} Bc6 $1 {Very well played! Now White has trouble on the long diagonal.}
21. cxd5 $2 ({White's troubles multiply. There was no need to give up more
material, though admittedly White's position is unenviable (read: lost) after
thebetter} 21. O-O) 21... Bxd5 22. e4 fxe4 (22... Bxd4 $1 {is even more
accurate, exploiting the vertical and diagonal pins.}) 23. Qe3 Rg8 $6 {An
inexplicable move. Why not castle queen-side? Black's king would be perfectly
safe, and the latent pressure on d4 would make it easier for him to exploit
his advantage.} 24. Nb3 Kd7 (24... O-O-O {looks good here too.}) 25. Bd2 a5 26.
Rf1 a4 27. Nc1 g5 $1 {Opening the position further.} 28. Qf2 gxh4 $1 {Black
correctly judges that the piece is less important than the passed pawns.} 29.
Qxf6 Qxf6 30. Rxf6 h3 $2 {The wrong way to advance. Black's eyes are glued on
the h1 square, which he has covered indirectly by the bishop on d5. But by
keeping his passed pawns connected he would make short work of White.} (30...
hxg3 $1 31. Rf5 g2 $1 32. Be3 c6 33. Rxh5 g1=Q+ 34. Bxg1 Rxg1+ 35. Kf2 Rag8 {
White is paralyzed and has no good defense against Black's plan of doubling
rooks on the back rank and picking off the knight.}) 31. Rf2 $2 Rxg3 (31... h4
$1 32. gxh4 Rg1+ 33. Ke2 (33. Rf1 h2 {wins effortlessly.}) 33... Rf8 $1 34.
Rxf8 h2 35. Be3 h1=Q {and Black mops up.}) 32. Bf4 {White wants to control the
h2 square, but this isn't good enough, as Black demonstrates with a series of
accurate moves.} (32. Ne2) 32... Rg1+ $1 33. Rf1 Rxf1+ $1 {Pulling the king to
the f-file for the coming pin.} 34. Kxf1 Rf8 $1 35. Ne2 {The only move to hold
the bishop even temporarily.} Bc4 $1 {Another pin! This time White must lose
back the piece, and Black's h-pawn looms.} 36. Re1 Rxf4+ 37. Kg1 Rg4+ 38. Kh1 {
Unfortunately, all of the alternatives are demonstrably worse.} (38. Kh2 Rg2+ {
wins a piece.}) (38. Kf2 Rg2+ 39. Kf1 {and now Black can capture a couple of
times on e2 and queen his pawn or play the even more accurate} e3 $1 {when
White is getting mated, e.g.} 40. a3 Rf2+ 41. Kg1 h2+ 42. Kh1 Bd5#) (38. Kf1 e3
{leaves White helpless against the coming ...h2-h1=Q.}) 38... Bxa2 39. Kh2 Be6
(39... Be6 {Indirectly defending h3:} 40. Kxh3 Rg1+) 40. Ng3 h4 41. Nxe4 Rg2+
$1 42. Kh1 Bd5 43. Nf6+ Kd6 44. Ne8+ {A last desperate try: perhaps Black will
just move back and forth?} Kc6 45. Rc1+ Rc2+ $1 {Guess not!} 46. Kg1 Rxc1+ ({
Good enough to force resignation, but instead} 46... h2+ {mates next move.
Despite its flaws, a very impressive game for an 1100 player over an opponent
with a 350 point rating edge.}) 0-1

[Event "Motor City Open"]
[Site "Warren, MI"]
[Date "2002.12.01"]
[Round "7.20"]
[White "Hazzard, Bill"]
[Black "Fick II, Douglas"]
[Result "1-0"]
[WhiteElo "1624"]
[BlackElo "1289"]
[PlyCount "64"]
[EventDate "2002.11.29"]

1. e4 c5 2. Nf3 d6 3. d4 cxd4 4. Nxd4 Nf6 5. Nc3 g6 6. Bc4 Bg7 7. O-O O-O 8.
Re1 Nc6 9. Nf3 Qc7 10. Nd5 Nxd5 11. exd5 Na5 12. Bb3 Nxb3 13. axb3 Re8 14. c4
b5 15. Qe2 Bb7 16. Be3 a5 17. Nd4 bxc4 18. Nb5 Qb8 19. bxc4 Bc8 20. Qd2 Bd7 21.
Rxa5 Rxa5 22. Qxa5 Bxb5 23. cxb5 Bxb2 24. Rb1 Bf6 25. b6 Qb7 26. Rc1 Ra8 27.
Qb5 Ra1 28. Rxa1 Bxa1 29. Bh6 Qb8 30. Qd7 Bd4 31. Qc7 Qe8 32. b7 Ba7 1-0

[Event "Motor City Open"]
[Site "Warren, MI"]
[Date "2002.12.01"]
[Round "6.11"]
[White "Gabbara, Faris"]
[Black "Steen, Harold"]
[Result "1-0"]
[WhiteElo "2051"]
[BlackElo "1647"]
[PlyCount "51"]
[EventDate "2002.11.29"]

1. d4 f5 2. Nc3 Nf6 3. Bg5 e6 4. Nf3 g6 5. e4 fxe4 6. Nxe4 Bg7 7. Nxf6+ Bxf6 8.
Bh6 c6 9. Qd2 d5 10. Bd3 Nd7 11. O-O-O b5 12. h4 Rg8 13. g4 Bb7 14. Rde1 Qe7
15. Rxe6 Qxe6 16. Re1 Qxe1+ 17. Qxe1+ Kf7 18. Bg5 Rae8 19. Qa5 Re7 20. Bxf6
Kxf6 21. Qc7 Nc5 22. Qf4+ Kg7 23. dxc5 Rf8 24. Qd4+ Kg8 25. Ne5 Rfe8 26. f4 1-0

[Event "Motor City Open"]
[Site "Warren, MI"]
[Date "2002.12.01"]
[Round "7.1"]
[White "Finegold, Ben"]
[Black "Matyszewska, Magdalena"]
[Result "1-0"]
[WhiteElo "2643"]
[BlackElo "2223"]
[PlyCount "77"]
[EventDate "2002.11.29"]

1. d4 Nf6 2. c4 e6 3. Nc3 c5 4. d5 exd5 5. cxd5 d6 6. e4 g6 7. h3 Bg7 8. Nf3
O-O 9. Bd3 a6 10. a4 Re8 11. O-O Qc7 12. Bf4 c4 13. Bc2 Nbd7 14. Re1 Nh5 15.
Bh2 Ne5 16. g4 Bxg4 17. hxg4 Nxg4 18. Ne2 Bxb2 19. Rb1 Nxh2 20. Kxh2 Be5+ 21.
Nxe5 Rxe5 22. f4 Ree8 23. Qd4 Qe7 24. Qf2 Nf6 25. Qh4 h5 26. Nd4 Nxd5 27. Qxe7
Nxe7 28. Rxb7 Nd5 29. Kg3 Nf6 30. Kf3 Reb8 31. Reb1 Rxb7 32. Rxb7 Kf8 33. a5
Ne8 34. Ke3 Kg8 35. Nf3 f6 36. Nh4 g5 37. Nf5 g4 38. e5 Kh8 39. Nh6 1-0

[Event "Motor City Open"]
[Site "Warren, MI"]
[Date "2002.12.01"]
[Round "6.4"]
[White "Ferenti, Cornel"]
[Black "Dillabough, Tracey"]
[Result "1-0"]
[WhiteElo "2169"]
[BlackElo "1488"]
[PlyCount "87"]
[EventDate "2002.11.29"]

1. e4 g6 2. d4 Bg7 3. Nc3 c5 4. d5 d6 5. f4 Nf6 6. Nf3 O-O 7. Bd3 e6 8. O-O Na6
9. dxe6 fxe6 10. Bxa6 bxa6 11. e5 Ne8 12. Ne4 Qb6 13. exd6 Bb7 14. Re1 Bd5 15.
Qe2 Nxd6 16. Nfg5 Nf5 17. c3 Rfe8 18. g4 Nd6 19. Nxd6 Qxd6 20. c4 Bb7 21. Nf3
Rad8 22. Be3 Qb6 23. Rad1 Bxb2 24. Rxd8 Rxd8 25. Rb1 Qc6 26. Rxb2 Qxf3 27. Qxf3
Bxf3 28. Bxc5 Bxg4 29. Bxa7 Rd7 30. Be3 Kf7 31. Kf2 Bf5 32. Rb6 Rd1 33. Rxa6
Bb1 34. Bd4 Rc1 35. Ra7+ Ke8 36. c5 Rc2+ 37. Kg3 Kd8 38. a4 Rd2 39. Bf6+ Kc8
40. c6 Rc2 41. Ra8+ Kc7 42. Be5+ Kb6 43. Rb8+ Ka7 44. c7 1-0

[Event "Motor City Open"]
[Site "Warren, MI"]
[Date "2002.12.01"]
[Round "6.10"]
[White "Domineck, Lasid"]
[Black "Andrews, Steve"]
[Result "0-1"]
[WhiteElo "1286"]
[BlackElo "2270"]
[PlyCount "93"]
[EventDate "2002.11.29"]

1. e4 Nf6 2. Nc3 d5 3. exd5 Nxd5 4. Nxd5 Qxd5 5. d4 c6 6. Nf3 Bg4 7. Be2 e6 8.
Be3 Be7 9. O-O O-O 10. c4 Qa5 11. Qc2 Nd7 12. a3 Qc7 13. Rad1 Rfd8 14. Ne5 Bf5
15. Bd3 Bxd3 16. Qxd3 Nf8 17. f4 g6 18. Nf3 Bf6 19. Ne5 Bg7 20. Qe2 f6 21. Nf3
Rd7 22. Rd2 Rad8 23. Rfd1 Bh6 24. g3 Qa5 25. Rd3 Qf5 26. Nh4 Qa5 27. b4 Qa4 28.
Nf3 a5 29. Bd2 b6 30. c5 bxc5 31. bxc5 Qb5 32. Be3 Rb8 33. Rc1 Rdb7 34. Qd2 Qa6
35. Rdc3 Rb2 36. R3c2 R2b3 37. Rc3 a4 38. Ne1 Bg7 39. Nd3 R3b7 40. Nb4 Rxb4 41.
axb4 Rxb4 42. Ra3 Qb5 43. Rca1 f5 44. Qd1 Nd7 45. Rxa4 Rb3 46. R4a3 Rb4 47. Ra4
0-1

[Event "Motor City Open"]
[Site "Warren, MI"]
[Date "2002.12.01"]
[Round "7.11"]
[White "Dillabough, Tracey"]
[Black "Comstock, Ron"]
[Result "0-1"]
[WhiteElo "1488"]
[BlackElo "1824"]
[PlyCount "50"]
[EventDate "2002.11.29"]

1. d4 d5 2. Nf3 Nf6 3. c4 dxc4 4. e3 c5 5. Bxc4 cxd4 6. O-O Nc6 7. Qb3 e6 8.
exd4 Be7 9. Rd1 O-O 10. Qc2 Nb4 11. Qe2 Qc7 12. a3 Nbd5 13. Nc3 a6 14. Re1 Nxc3
15. bxc3 b5 16. Bd3 Qxc3 17. Bg5 Bb7 18. Rec1 Bxf3 19. Qxf3 Qxd4 20. Rd1 Qc5
21. Rac1 Qxg5 22. Rc7 Nd5 23. Rc2 Rac8 24. Rcd2 Qf4 25. Qh3 Qh6 0-1

[Event "Motor City Open"]
[Site "Warren, MI"]
[Date "2002.12.01"]
[Round "6.9"]
[White "Comstock, Ron"]
[Black "Kvatadze, David"]
[Result "1/2-1/2"]
[WhiteElo "1824"]
[BlackElo "1918"]
[PlyCount "69"]
[EventDate "2002.11.29"]

1. Nf3 d6 2. d4 Nf6 3. c4 Nbd7 4. Nc3 e5 5. e4 Be7 6. Be2 O-O 7. O-O c6 8. h3
Qc7 9. Be3 Re8 10. Qc2 Nf8 11. Rac1 Ng6 12. Rfd1 h6 13. d5 c5 14. a3 Nh7 15. b4
b6 16. bxc5 bxc5 17. Nb5 Qd8 18. Bxc5 dxc5 19. d6 Bg5 20. Nxg5 Nxg5 21. Nc7 Bb7
22. f3 Ne6 23. Nxe8 Qxe8 24. Rb1 Bc6 25. Rd2 Nd4 26. Qc3 Qd8 27. Bd1 Nf4 28.
Kh2 Qxd6 29. Qa5 Rd8 30. Qxa7 Nxf3+ 31. Bxf3 Qxd2 32. Rd1 Qxd1 33. Bxd1 Rxd1
34. Qb8+ Kh7 35. Qxe5 1/2-1/2

[Event "Motor City Open"]
[Site "Warren, MI"]
[Date "2002.12.01"]
[Round "7.28"]
[White "Collins, Charles"]
[Black "Keddie, Jeremy"]
[Result "1-0"]
[WhiteElo "1710"]
[BlackElo "1103"]
[PlyCount "37"]
[EventDate "2002.11.29"]

1. d4 e6 2. c4 Nf6 3. g3 d5 4. Bg2 g6 5. Nf3 Bg7 6. O-O dxc4 7. Na3 Nc6 8. Nxc4
O-O 9. Nce5 Nxe5 10. Nxe5 c6 11. Qa4 Nd7 12. Rd1 Nxe5 13. dxe5 b5 14. Qc2 Qb6
15. Be3 Qc7 16. Rac1 Bxe5 17. Qxc6 Qa5 18. Rc5 Rb8 19. Rxe5 1-0

[Event "Motor City Open"]
[Site "Warren, MI"]
[Date "2002.12.01"]
[Round "7.15"]
[White "Brooks, Randall"]
[Black "Robertson, John"]
[Result "1-0"]
[WhiteElo "1277"]
[BlackElo "1572"]
[Annotator "Tim McGrew"]
[PlyCount "45"]
[EventDate "2002.11.29"]

{Sicilian: Yugoslav Dragon} 1. e4 c5 2. Nf3 d6 3. d4 cxd4 4. Nxd4 Nf6 5. Nc3 g6
6. f3 Bg7 7. Be3 Nc6 8. Bc4 O-O 9. Qd2 Bd7 10. Nxc6 $6 {As a rule, White
should not take the knight on c6 without a definite reason. The open b-file is
usually quite useful to Black.} ({The most common continuation is} 10. O-O-O
Qa5 11. Bb3 {with h4 to follow soon.}) 10... bxc6 11. g4 Re8 {Played to avoid
the exchange of darksquare bishops with Bh6, but this is a little slow. Black
needs to be playing ...Qa5 and generating play on the dark squares faster.} (
11... d5 $5 {is also worth examining, e.g.} 12. exd5 cxd5 13. Nxd5 Rc8 14.
Nxf6+ Bxf6 15. O-O-O Rxc4 16. Qxd7 Qb8 {and the combination of open lines and
active pieces gives Black a decisive attack, e.g.} 17. c3 Bxc3 $1 $19) 12. h4
Qa5 13. h5 Rab8 14. hxg6 hxg6 15. Bh6 Bh8 16. O-O-O Qb4 17. Bb3 c5 {DIAGRAM
White to Move and Win.} 18. Bf8 $1 {A shot worthy of inclusion in a tactics
manual!} ({But take full credit also for} 18. Qh2 c4 19. Bf4 Bg7 20. Nd5 cxb3
21. Nxf6+ exf6 22. Bxd6 $1 {picking up the queen because of the mate threat on
h7.}) 18... Rxf8 19. Rxh8+ $1 {The follow-up is just as important. Now White
forces mate in all variations.} Kxh8 20. Qh6+ Kg8 (20... Nh7 21. Rh1 {and mate
cannot be stopped on h7.}) 21. Qxg6+ Kh8 22. Rh1+ Nh5 23. Rxh5# {Randall was
justly proud of this game.} 1-0

[Event "Motor City Open"]
[Site "Warren, MI"]
[Date "2002.12.01"]
[Round "7.2"]
[White "Brooks, John"]
[Black "Ferenti, Cornel"]
[Result "1/2-1/2"]
[WhiteElo "2173"]
[BlackElo "2169"]
[PlyCount "105"]
[EventDate "2002.11.29"]

1. c4 c6 2. d4 d5 3. e3 Nf6 4. Nf3 Bf5 5. Qb3 Qb6 6. Qa3 e6 7. c5 Qc7 8. b4 Be7
9. Be2 O-O 10. Nbd2 Nbd7 11. Bb2 b6 12. Bc3 a5 13. cxb6 Nxb6 14. Qb2 axb4 15.
Bxb4 Bxb4 16. Qxb4 Rfb8 17. Qc3 Na4 18. Qc1 c5 19. dxc5 Nxc5 20. O-O Qb6 21.
Nd4 Bg6 22. N2b3 Nxb3 23. axb3 e5 24. Rxa8 Rxa8 25. Qc6 Rb8 26. Qxb6 Rxb6 27.
Rc1 Kf8 28. Nb5 Ke7 29. f3 Ne8 30. Rc5 Ra6 31. g4 f6 32. f4 Bf7 33. Bf3 Kd7 34.
fxe5 fxe5 35. Bxd5 Bxd5 36. Rxd5+ Ke6 37. e4 Nf6 38. Nc7+ Ke7 39. g5 Nd7 40.
Rxe5+ Kd6 41. Rf5 Kxc7 42. h4 h6 43. e5 Re6 44. Rf7 hxg5 45. Rxg7 gxh4 46. Rh7
Rxe5 47. Rxh4 Re2 48. Rh2 Re1+ 49. Kf2 Rb1 50. Ke3 Rxb3+ 51. Kd4 Kd6 52. Rh6+
Ke7 53. Ra6 1/2-1/2

[Event "Motor City Open"]
[Site "Warren, MI"]
[Date "2002.12.01"]
[Round "6.12"]
[White "Bailey, Greg"]
[Black "Taliaferro I, Robert"]
[Result "1-0"]
[WhiteElo "1956"]
[BlackElo "1533"]
[PlyCount "107"]
[EventDate "2002.11.29"]

1. f4 d5 2. Nf3 Nc6 3. g3 b6 4. Bg2 Bb7 5. c4 dxc4 6. Qa4 Qd5 7. Nc3 Qa5 8.
Qxc4 e6 9. a3 Qc5 10. Qa4 Qa5 11. Qc2 Nd4 12. Nxd4 Bxg2 13. Rg1 Bb7 14. Qa4+
Qxa4 15. Nxa4 a6 16. b4 a5 17. b5 Bd6 18. Bb2 Ne7 19. Nc2 f6 20. Ne3 Be4 21.
Nc4 O-O-O 22. Rc1 Kb7 23. d3 Bg6 24. e4 Nc8 25. Ke2 Be8 26. Nc3 Bc5 27. Rg2 Na7
28. a4 c6 29. bxc6+ Bxc6 30. g4 f5 31. gxf5 exf5 32. Rxg7+ Rd7 33. Rxd7+ Bxd7
34. Nd5 Rg8 35. Nf6 Rg2+ 36. Kf3 Rg7 37. Nxd7 Rxd7 38. Rc3 Nc6 39. Rb3 Bd4 40.
Bc3 Kc7 41. Ne5 Nxe5+ 42. fxe5 fxe4+ 43. Kxe4 Bg1 44. e6 Re7 45. Be5+ Kb7 46.
Kf5 Bf2 47. Bf6 Re8 48. e7 Bc5 49. Ke6 Rc8 50. d4 Rc6+ 51. Kf7 Bxe7 52. Kxe7
Rc2 53. Be5 Kc6 54. Ke6 1-0

[Event "Michigan Action"]
[Site "Flint, MI"]
[Date "2002.12.07"]
[Round "1.1"]
[White "Whatling, David"]
[Black "Finegold, Ben"]
[Result "0-1"]
[WhiteElo "1341"]
[BlackElo "2643"]
[PlyCount "68"]
[EventDate "2002.12.07"]

1. e4 c5 2. Nc3 Nc6 3. f4 g6 4. Nf3 Bg7 5. Bc4 d6 6. O-O e6 7. d3 Nge7 8. Be3
O-O 9. d4 d5 10. Bb5 dxe4 11. Nxe4 Nf5 12. Bf2 Ncxd4 13. Nxd4 Nxd4 14. Bd3 b6
15. Rb1 Bb7 16. c3 Nf5 17. Qc2 Qd5 18. b3 Nd6 19. Rfe1 f5 20. Bc4 Nxc4 21. bxc4
Qc6 22. Bxc5 bxc5 23. Nxc5 Qxc5+ 24. Kh1 Be4 25. Rxe4 fxe4 26. Qxe4 Qf5 27. Qe1
Rad8 28. h3 Rd3 29. Rc1 Rxh3+ 30. gxh3 Qxh3+ 31. Kg1 Rxf4 32. c5 Rg4+ 33. Kf2
Rg2+ 34. Kf1 Qh1# 0-1

[Event "Michigan Action"]
[Site "Flint, MI"]
[Date "2002.12.07"]
[Round "5.7"]
[White "Wagner, Erich"]
[Black "Holden, Anthony"]
[Result "0-1"]
[WhiteElo "1285"]
[BlackElo "1483"]
[PlyCount "61"]
[EventDate "2002.12.07"]

1. c4 e5 2. Nc3 Nc6 3. e3 a6 4. Nf3 Nf6 5. d4 e4 6. Nd2 Qe7 7. Qc2 Nb4 8. Qb1
b6 9. a3 Nc6 10. Ndxe4 Bb7 11. Nxf6+ gxf6 12. Qf5 Nxd4 13. Qd3 Nb3 14. Rb1 Nc5
15. Qc2 Rg8 16. f3 O-O-O 17. Qxh7 Rg6 18. Qh3 Nb3 19. e4 Bg7 20. Bf4 f5 21.
Qxf5 Bxc3+ 22. bxc3 Qxa3 23. Qxf7 Rdg8 24. Be5 d6 25. Bf6 Kb8 26. g3 Nc5 27.
Bd8 Qxc3+ 28. Kd1 Qd4+ 29. Kc2 Nxe4 30. Qxc7+ Ka8 31. Rxb6 0-1

[Event "Michigan Action"]
[Site "Flint, MI"]
[Date "2002.12.07"]
[Round "3.7"]
[White "Thach, Scott"]
[Black "Holden, Anthony"]
[Result "1-0"]
[WhiteElo "1204"]
[BlackElo "1483"]
[PlyCount "71"]
[EventDate "2002.12.07"]

1. e4 c5 2. Nf3 e5 3. Be2 Nc6 4. c3 h5 5. O-O h4 6. h3 d6 7. d3 f6 8. Nh2 g6 9.
Bg4 Nge7 10. f4 Bxg4 11. Qxg4 f5 12. exf5 gxf5 13. Qf3 Bg7 14. fxe5 Nxe5 15.
Qe2 Qb6 16. Bg5 N5g6 17. Re1 Qc7 18. Qe6 Be5 19. Nd2 Qd7 20. Qxd7+ Kxd7 21.
Nhf3 Rae8 22. Nc4 Nc6 23. Ncxe5+ dxe5 24. Re2 Rh5 25. Bd2 e4 26. dxe4 fxe4 27.
Nh2 Rhe5 28. Rae1 R5e6 29. Ng4 b5 30. Bg5 b4 31. Nf6+ Kc7 32. Nxe8+ Rxe8 33.
Rxe4 Rxe4 34. Rxe4 bxc3 35. bxc3 Kd7 36. Bxh4 1-0

[Event "Michigan Action"]
[Site "Flint, MI"]
[Date "2002.12.07"]
[Round "6.6"]
[White "Thach, Scott"]
[Black "Hershberger, Kent"]
[Result "1-0"]
[WhiteElo "1204"]
[BlackElo "1508"]
[PlyCount "61"]
[EventDate "2002.12.07"]

1. e4 e5 2. Nf3 Nf6 3. Nxe5 d6 4. Nf3 Nxe4 5. d3 Nf6 6. Be2 Be7 7. O-O O-O 8.
Nc3 d5 9. Bg5 h6 10. Bh4 Be6 11. Re1 Nbd7 12. h3 c6 13. Nh2 Ne5 14. Bxf6 Bxf6
15. d4 Ng6 16. Ng4 Bxg4 17. Bxg4 Qb6 18. Qd2 Qxd4 19. Rad1 Qxd2 20. Rxd2 Bxc3
21. bxc3 Rfe8 22. Red1 Ne5 23. Bf5 Nc4 24. Rd4 Re7 25. Bd3 Nb2 26. Rb1 Nxd3 27.
cxd3 Rb8 28. Ra4 a6 29. Rxa6 Rbe8 30. Ra7 b5 31. Ra6 1-0

[Event "Michigan Action"]
[Site "Flint, MI"]
[Date "2002.12.07"]
[Round "2.9"]
[White "Sowa, Jason"]
[Black "Whatling, David"]
[Result "1/2-1/2"]
[WhiteElo "962"]
[BlackElo "1341"]
[PlyCount "76"]
[EventDate "2002.12.07"]

1. e4 c5 2. Nf3 e6 3. d4 cxd4 4. Nxd4 Nc6 5. Bc4 Nf6 6. Bg5 Be7 7. Bxf6 Bxf6 8.
c3 O-O 9. O-O d6 10. Nxc6 bxc6 11. Nd2 d5 12. Bb3 Qc7 13. exd5 cxd5 14. Nf3 Bb7
15. Qd3 a5 16. Bc2 g6 17. Rfe1 Rac8 18. Qe3 Rfe8 19. Rac1 e5 20. Ba4 Re7 21.
Bb3 e4 22. Nd4 Bxd4 23. cxd4 Qd7 24. Rxc8+ Qxc8 25. Qd2 Qc7 26. Rc1 Qb6 27. Qg5
Qd6 28. Qd2 Rc7 29. Rxc7 Qxc7 30. Qc3 Qb6 31. Qc5 Qd8 32. Qb5 Ba8 33. Ba4 Kf8
34. Qc5+ Kg7 35. b4 axb4 36. Qxb4 Qc7 37. Qb3 Qc4 38. Qxc4 dxc4 1/2-1/2

[Event "Michigan Action"]
[Site "Flint, MI"]
[Date "2002.12.07"]
[Round "6.7"]
[White "Sowa, Jason"]
[Black "Cottrell-Finegold, Kelly"]
[Result "0-1"]
[WhiteElo "962"]
[BlackElo "1384"]
[PlyCount "46"]
[EventDate "2002.12.07"]

1. e4 c5 2. Nf3 d6 3. Bb5+ Nc6 4. Bxc6+ bxc6 5. d4 cxd4 6. Nxd4 Bb7 7. Nc3 e6
8. f4 Be7 9. O-O Qb6 10. Kh1 Nf6 11. Nb3 O-O 12. Re1 c5 13. Nd2 Qc6 14. Re2 Ng4
15. Kg1 c4 16. Re1 Qc5+ 17. Kh1 Nf2+ 18. Kg1 Nxd1+ 19. Kh1 Nf2+ 20. Kg1 Nd3+
21. Kh1 Nxe1 22. Ne2 Qf2 23. Nxc4 Qxg2# 0-1

[Event "Michigan Action"]
[Site "Flint, MI"]
[Date "2002.12.07"]
[Round "3.8"]
[White "Smith, Chris"]
[Black "LaFerriere, Adam"]
[Result "0-1"]
[WhiteElo "1019"]
[BlackElo "1396"]
[Annotator "Jeff Aldrich"]
[PlyCount "76"]
[EventDate "2002.12.07"]

{Alekhine} 1. e4 Nf6 2. e5 Nd5 3. Bc4 Nb6 4. Qe2 Nc6 5. Nf3 d6 6. exd6 Qxd6 7.
d3 Nxc4 8. dxc4 g6 9. Nc3 a6 10. Bd2 Bg7 11. b3 $6 {Since the bishop is
pointing toward the queen-side, it is preferable to not weaken the dark
squares. White is not going to lose anything immediately, but long term Black
will be able to use all those extra square to maneuver his bishop.} O-O 12. Rd1
Nd4 $6 {This move just gives Black problems on the d-file.} 13. Nxd4 Bxd4 14.
O-O h5 15. Be3 Bg4 $6 {Seems a little awkward. Now, Black will not be able to
take advantage of the dark squares because he must now trade his bishop.} 16.
f3 Bxe3+ 17. Qxe3 Qe6 18. Qh6 Bf5 19. Rfe1 Qb6+ 20. Kh1 Rad8 21. Rxd8 Rxd8 22.
Nd5 Qd6 {DIAGRAM} 23. Rxe7 $2 ({Ideally, White wants to play} 23. Nxe7+ {to
win the queen, but backrank problem prevent it.} Qxe7 24. Rxe7 Rd1+) ({So,
White thinks he can get away with} 23. Rxe7 {since the rook is currently
immune:} Qxe7 24. Nxe7#) 23... c6 {But, the knight is overworked.} 24. Rxb7
cxd5 25. Qd2 dxc4 26. Qxd6 Rxd6 27. h3 cxb3 28. Rxb3 Bxc2 29. Rb8+ Kg7 30. g4
Bd1 31. gxh5 Bxf3+ 32. Kg1 Bxh5 33. Rb2 Re6 34. a4 a5 35. Rb5 Ra6 36. Kg2 Bd1
37. Rd5 Bxa4 38. h4 Bc6 0-1